Statistics for Formula 1 Champions Order

Click here to take the quiz!

General Stats

  • This quiz has been taken 112 times
  • The average score is 61 of 71

Answer Stats

Year:Team / Chassis:Wins:Answer% Correct
1950Alfa Romeo3Guiseppe Farina
96%
1952Ferrari6Alberto Ascari
95%
1954Mercedes6Juan Manuel Fangio
95%
1955Mercedes4Juan Manuel Fangio
95%
1953Ferrari5Alberto Ascari
94%
1951Alfa Romeo3Juan Manuel Fangio
94%
1956Ferrari3Juan Manuel Fangio
94%
2005Renault7Fernando Alonso
91%
2006Renault7Fernando Alonso
91%
1957Maserati4Juan Manuel Fangio
91%
2008McLaren - Mercedes5Lewis Hamilton
91%
2015Mercedes - AMG10Lewis Hamilton
91%
2014Mercedes - AMG11Lewis Hamilton
91%
2017Mercedes - AMG9Lewis Hamilton
91%
2004Ferrari13Michael Schumacher
91%
2003Ferrari6Michael Schumacher
91%
2002Ferrari11Michael Schumacher
91%
2001Ferrari9Michael Schumacher
91%
2000Ferrari9Michael Schumacher
91%
2009Brawn GP6Jenson Button
90%
2018Mercedes - AMG11Lewis Hamilton
90%
2019Mercedes - AMG11Lewis Hamilton
90%
2020Mercedes - AMG11Lewis Hamilton
90%
2012Red Bull Racing5Sebastian Vettel
90%
2013Red Bull Racing13Sebastian Vettel
90%
2007Ferrari6Kimi Räikkönen
88%
1994Benetton8Michael Schumacher
88%
2016Mercedes - AMG9Nico Rosberg
88%
1977Ferrari3Niki Lauda
88%
2011Red Bull Racing11Sebastian Vettel
88%
2010Red Bull Racing5Sebastian Vettel
88%
1995Benetton9Michael Schumacher
87%
1999McLaren - Mercedes5Mika Häkkinen
87%
1998McLaren - Mercedes8Mika Häkkinen
87%
1976Mclaren6Adam Hunt
86%
1966Brabham4Jack Brabham
86%
1997Williams7Jacques Villeneuve
86%
1958Ferrari1Mike Hawthorn
86%
1975Ferrari5Niki Lauda
86%
1985McLaren5Alain Prost
84%
1989McLaren4Alain Prost
84%
1990McLaren6Ayrton Senna
84%
1991McLaren7Ayrton Senna
84%
1988McLaren8Ayrton Senna
84%
1974Mclaren3Emerson Fittipaldi
84%
1993McLaren7Alain Prost
83%
1986McLaren4Alain Prost
83%
1996Williams8Damon Hill
83%
1965Lotus6Jim Clark
83%
1984McLaren5Niki Lauda
83%
1959Cooper2Jack Brabham
82%
1960Cooper5Jack Brabham
82%
1992Williams9Nigel Mansell
82%
1980Williams5Alan Jones
81%
1973Tyrrell5Jackie Stewart
81%
1971Tyrrell6Jackie Stewart
81%
1963Lotus7Jim Clark
81%
1983Brabham3Nelson Piquet
81%
1987Williams3Nelson Piquet
81%
1972Lotus5Emerson Fittipaldi
79%
1982Williams1Keke Rosberg
79%
1967Brabham2Denny Hulme
78%
1968Lotus3Graham Hill
78%
1970Lotus5Jochen Rindt
78%
1961Ferrari2Phil Hill
78%
1962BRM4Graham Hill
77%
1979Ferrari3Jody Scheckter
77%
1964Ferrari2John Surtees
77%
1978Lotus6Mario Andretti
77%
1981Brabham3Nelson Piquet
77%
1969Matra6Jackie Stewart
75%

Score Distribution

Percentile by Number Answered

Percent of People with Each Score

Your Score History

You have not taken this quiz